Biblioteca

A translator's handbook on the Letter to the Hebrews (Registro nro. 64568)

Detalles MARC
000 -LÍDER
Campo fijo de descripción fija 01388nam a22003614i 4500
001 - NÚMERO DE CONTROL
Campo de control 221882
003 - IDENTIFICADOR DEL NÚMERO DE CONTROL
Campo de control CO-MdFUSB
005 - FECHA Y HORA DE LA ULTIMA TRANSACCIÓN
control field 20181001104939.0
008 - ELEMENTOS DE LONGITUD FIJA -- INFORMACIÓN GENERAL
Campo fijo de descripción fija -- Información general 830906s1983 enk b 00110 eng u
010 ## - NÚMERO DE CONTROL DE LA BIBLIOTECA DEL CONGRESO
Número de control LC 83017947
020 ## - NÚMERO INTERNACIONAL NORMALIZADO PARA LIBROS
Número Internacional Normalizado del libro 0826701507 (soft)
039 0# - LEVEL OF BIBLIOGRAPHIC CONTROL AND CODING DETAIL [OBSOLETE]
Level of rules in bibliographic description 2
Level of effort used to assign nonsubject heading access points 3
Level of effort used to assign subject headings 3
Level of effort used to assign classification 3
Number of fixed field character positions coded 3
040 ## - FUENTE DE CATALOGACIÓN
Agencia de catalogación original CO-MdFUSB
Idioma de catalogación spa
Agencia que realiza la transcripción CO-MdFUSB
Agencia que realiza la modificación CO-MdFUSBC
Convenciones de la descripción rda
041 ## - CÓDIGO DE IDIOMA
Código de idioma para texto/pista de sonido o título separado eng
082 0# - NÚMERO DE CLASIFICACIÓN DECIMAL DEWEY
Número de clasificación 227.8707
Número de la edición del Dewey 23
Clave de autor-Numero de item EL46
245 12 - TÍTULO
Título del Material A translator's handbook on the Letter to the Hebrews
Mención de responsabilidad, etc. / Paul Ellingworth y Eugene A. Nida.
264 #1 - PRODUCCIÓN, PUBLICACIÓN, DISTRIBUCIÓN, MANUFACTURA, Y COPYRIGHT
Lugar de producción, publicación, distribución, manufactura New York :
Nombre del productor, publicador, distribuidor United Bible Societies,
Fecha de producción, publicación, distribución, manufactura, o copyright ℗1983.
264 #4 - PRODUCCIÓN, PUBLICACIÓN, DISTRIBUCIÓN, MANUFACTURA, Y COPYRIGHT
Fecha de producción, publicación, distribución, manufactura, o copyright ©1983
300 ## - DESCRIPCIÓN FÍSICA
Extensión viii, 364 páginas ;
Dimensiones 24 cm.
336 ## - TIPO DE CONTENIDO
Fuente rdacontent
Término de tipo de contenido texto
Código de tipo de contenido txt
337 ## - TIPO DE MEDIO
Fuente rdamedia
Nombre del tipo de medio sin mediación
Código del tipo de medio n
338 ## - TIPO DE SOPORTE
Fuente rdacarrier
Nombre del tipo de soporte volumen
Código Tipo de soporte nc
490 ## - MENCIÓN DE SERIE
Mención de serie Helps for translators series
505 ## - NOTA DE CONTENIDO
Nota de contenido con formato preestablecido Prefacio -- Abreviaciones usadas en este volumen -- Traduciendo la carta a los hebreos -- La carta a los hebreos -- Apéndice A. La estructura literaria de Hebreos -- Apéndice B. La traducción de "Pacto" -- Apéndice C. La traducción de "Fe"
630 #7 - TITULO UNIFORME
Título uniforme Biblia.
Nombre de parte o sección de la obra Hebreos
Subdivisión de materia general Crítica, interpretación, etc.
700 10 - ASIENTO SECUNDARIO - NOMBRE PERSONAL
Nombre personal Nida, Eugene Albert,
Fechas asociadas con el nombre 1914-
Responsabilidad traductora
700 10 - ASIENTO SECUNDARIO - NOMBRE PERSONAL
Nombre personal Ellingworth, Paul.
Responsabilidad traductor
942 ## - TIPO DE MATERIAL (KOHA)
Tipo de Item KOHA Libros General
Existencias
Estado de Material Estado de Perdido Forma de Clasificación Estado de Dañado No para Préstamo Colección Biblioteca de Origen Biblioteca Permanente Fecha de Adquisición Total de Préstamos Signatura Topográfica Código de Barras Última vez visto Ejemplar/Existencia Fecha de Remplazo Tipo de Material
    Dewey Decimal Classification     Colección General Biblioteca FUSBC Biblioteca FUSBC 25/09/2018   G 227.8707 EL46t 16036 12/12/2019 Ej. 1 25/09/2018 Libros General

Biblioteca FUSBC | Teléfono: (57+4) 349 88 10 Ext. 141| WhatsApp (+57) 3005338115 
E-mail: biblioteca@unisbc.edu.co | Calle 76 87-14 Robledo Palenque, Medellín, Colombia

Con tecnología Koha